000 01013cam a2200229 4500
001 ABS62706
008 000000n2000 000 0 eng u
035 _a(Sirsi) u107811
245 _aOccupier 2000: offices
260 _c2000
490 _aEstates Gazette
_v(0028) 15 July 2000, 73-85(8)
520 _aSpecial report on office occupiers. Covers the revised BCO guide to office specification - available at www.constructionplus.co.uk; also a discussion on the effect of new technologies on office space, highlighting the role of serviced offices in the market; the importance of flexible design, using the development of 40 Grosvenor Place, London as a case study; and, the marketing strategies of property consultants.
590 _aABS
650 _aOFFICES
650 _aOCCUPIERS
650 _aSERVICED OFFICES
650 _aOFFICE DESIGN
650 _aPROPERTY CONSULTANTS
650 _aMARKETING STRATEGY
690 _aPROPERTY-COMMERCIAL PROPERTY-COMMERCIAL PROPERTY MARKET
942 _n0
999 _c64398
_d64398